000 005130000a22001810004500
003 MACL
005 20160311151433.0
008 160311b xxu||||| |||| 00| 0 eng d
040 _aMACL
_cMACL
041 _aHindi
082 _a891.433
100 _aरामकुमार भ्रमर
_943250
245 _aताकि सनद रहे
260 _bसरस्‍वती विहार
_c1980
_aदिल्‍ली
350 _a18
650 _aNovel
_944981
942 _cHIN
_k891.433
_2ddc
999 _c27102
_d27102